• 首页
  • 本馆介绍
  • 公告通知
  • 最新文献
  • 馆藏检索
  • 电子资源
  • 读者导购
  • 参考咨询
  • 我的图书馆
  • 登录
  • 详细信息显示
  • 放入我的书架
  • 预约/预借图书
  • 作者相关作品
  • 分类相关作品
  • 丛书相关作品
  • 出版社相关作品

书目信息

  • 表格格式
  • 工作单格式
  • 卡片格式
题名:
行政执法实用手册
    
 
作者: 张越 , 张吕好 主编
分册:  
出版信息: 北京   中国市场出版社  2015.10
页数: 654页
开本: 21cm
丛书名:
单 册:
中图分类: D922.114
科图分类:
主题词: 行政执法--中国--手册
电子资源:
ISBN: 978-7-5092-1396-4
000 01061nam0 2200289 450
001 0120151719990
005 20170911104309.28
010    @a978-7-5092-1396-4@dCNY68.00
100    @a20151130d2015 em y0chiy50 ea
101 0  @achi
102    @aCN@b110000
105    @ay z 000yy
106    @ar
200 1  @a行政执法实用手册@9xing zheng zhi fa shi yong shou ce@dPractical handbook of administrative law enforcement@f张越,张吕好主编@zeng
205    @a2版@b增订本
210    @a北京@c中国市场出版社@d2015.10
215    @a654页@d21cm
300    @a行政执法培训用书
330    @a本书共分为行政执法概述、行政执法相关法律精讲、行政执法与司法法律文书、行政执法相关规范四部分,主要内容包括:行政执法的概念与原则、行政执法的主体与资格等。
333    @a法律工作者
510 1  @aPractical handbook of administrative law enforcement@zeng
606 0  @a行政执法@y中国@j手册
690    @aD922.114@v5
701  0 @a张越@9zhang yue@4主编
701  0 @a张吕好@9zhang lu^ hao@4主编
801  0 @aCN@b人天书店@c20151130
905    @b1064968-73@dD922.114@e1651=2@f6
    
    行政执法实用手册=Practical handbook of administrative law enforcement/张越,张吕好主编.-2版,增订本.-北京:中国市场出版社,2015.10
    654页;21cm
    行政执法培训用书.-使用对象:法律工作者
    
    ISBN 978-7-5092-1396-4:CNY68.00
    本书共分为行政执法概述、行政执法相关法律精讲、行政执法与司法法律文书、行政执法相关规范四部分,主要内容包括:行政执法的概念与原则、行政执法的主体与资格等。
●
相关链接 在E读中查询图书 在五车中查询图书 在当当中查询图书 在豆瓣中查询图书


正题名:行政执法实用手册     索取号:D922.114/1651=2         预约/预借

序号 登录号 条形码 馆藏地/架位号 状态 备注
1 1064968   210649681   第一样本阅览室/ [索取号:D922.114/1651=2] 在馆    
2 1064969   210649690   第一借阅区/ [索取号:D922.114/1651=2] 在馆    
3 1064970   210649707   密集书库-史法系/ [索取号:D922.114/1651=2] 在馆    
4 1064971   210649716   第一借阅区/ [索取号:D922.114/1651=2] 在馆    
5 1064972   210649725   第一借阅区/ [索取号:D922.114/1651=2] 在馆    
6 1064973   210649734   第一借阅区/ [索取号:D922.114/1651=2] 在馆    
唐山师范学院图书馆 欢迎您!
大连网信软件有限公司© 版权所有